000 00827nab a2200253 a 4500
005 20210219161938.0
008 991125s1985 mx 000 0 spa u
035 _aUPN01000194650
222 _aINFANCIA Y APRENDIZAJE =
222 _bJOURNAL FOR THE STUDY OF EDUCATION AND DEVELOPMENT
245 _aFactores condicionantes de la transferencia de la formación docente en la universidad : un estudio sobre la transfluencia de las competencias docentes
260 _aMadrid, España
300 _a401-416
362 0 _a2013 Vol. 36, no. 3, sept.
653 0 _aCOMPETENCIAS DOCENTES
653 0 _aFORMACION DOCENTE
653 0 _aPRACTICA DOCENTE
653 0 _aTRANSFERENCIA
653 0 _aAPRENDIZAJE
700 1 _aFeixas, Mónica,
700 1 _umonica.feixas@uab.cat
700 1 _ecoaut.
905 _aArticulo
999 _c166751
_d166751